Homenatge a Antoni Rovira i Virgili / [promogut per Òmnium Cultural de Tarragona i l'Ajuntament de la vila]
Descripción Física:
65 p., [1m làm] ; 21 cm
Colección:
Col·lecció Catalans il·lustres , 1
MARC
| LEADER | 00000nam a2200000Ia 4500 | ||
|---|---|---|---|
| 001 | 562 | ||
| 003 | BGR | ||
| 005 | 20260324175620.0 | ||
| 008 | 160829s1980 xx 000 0 cat d | ||
| 080 | |a M-2-253 | ||
| 100 | 1 | |a Rovira i Virgili, Antoni, |d 1882-1949 |9 25588 | |
| 245 | |a Homenatge a Antoni Rovira i Virgili / [promogut per Òmnium Cultural de Tarragona i l'Ajuntament de la vila] | ||
| 260 | |a Barcelona : |b Servei Central de Publicacions de la Generalitat de Catalunya, |c 1980 | ||
| 300 | |a 65 p., [1m làm] ; |c 21 cm | ||
| 490 | |a Col·lecció Catalans il·lustres , 1 | ||
| 590 | |a Abans del títol: Generalitat de Catalunya | ||
| 600 | 1 | 0 | |a Rovira i Virgili, Antoni, |d 1882-1949 |9 25588 |
| 650 | |a Polítics |x Catalunya |x S. XX |x Biografia |9 35264 | ||
| 710 | 1 | |a Catalunya. |b Generalitat |9 12125 | |
| 710 | 2 | |a Òmnium Cultural |b Delegació Territorial del Tarragonès |9 70245 | |
| 710 | 1 | |a Tarragona (Catalunya). |b Ajuntament |9 55108 | |
| 901 | |a Arxiu | ||
| 942 | |n 1 |2 udc |c MON | ||
| 952 | |0 0 |1 0 |4 0 |6 M2253 |7 1 |9 46836 |a Arxiu |b Arxiu |d 2016-12-01 |l 0 |o M-2-253 |p 562 |r 2016-12-01 00:00:00 |w 2016-12-01 |y ARXIU | ||
| 999 | |c 50629 |d 50629 | ||